Biblioteca

Doctrina de las últimas cosas (Registro nro. 44555)

Detalles MARC
000 -LÍDER
Campo fijo de descripción fija 01691nam a2200301 i 4500
001 - NÚMERO DE CONTROL
Campo de control 768714001
003 - IDENTIFICADOR DEL NÚMERO DE CONTROL
Campo de control CO-MdFUSB
005 - FECHA Y HORA DE LA ULTIMA TRANSACCIÓN
control field 20241204085337.0
008 - ELEMENTOS DE LONGITUD FIJA -- INFORMACIÓN GENERAL
Campo fijo de descripción fija -- Información general 241204t2000 miu||||| |||| 001 0dspa d
020 ## - NÚMERO INTERNACIONAL NORMALIZADO PARA LIBROS
Número Internacional Normalizado del libro 0-8254-1760-0
040 ## - FUENTE DE CATALOGACIÓN
Agencia de catalogación original CO-MdFUSB
Idioma de catalogación spa
Agencia que realiza la modificación CO-MdFUSB
Agencia que realiza la transcripción CO-MdFUSB
Convenciones de la descripción rda
041 ## - CÓDIGO DE IDIOMA
Código de idioma para texto/pista de sonido o título separado spa
082 04 - NÚMERO DE CLASIFICACIÓN DECIMAL DEWEY
Número de clasificación 236
Número de la edición del Dewey 23
Clave de autor-Numero de item T944d
100 1# - ASIENTO PRINCIPAL--NOMBRE PERSONAL
Nombre personal Turner, Donald D.
Término relacionador autor
245 10 - TÍTULO
Título del Material Doctrina de las últimas cosas
Mención de responsabilidad, etc. / Donald D. Turner
260 ## - PUBLICACIÓN, DISTRIBUCIÓN, ETC. (PIE DE IMPRENTA)
Lugar de publicación, distribución, etc. : Portavoz , Academia Cristiana del Aire
264 #1 - PRODUCCIÓN, PUBLICACIÓN, DISTRIBUCIÓN, MANUFACTURA, Y COPYRIGHT
Nombre del productor, publicador, distribuidor Portavoz,
Lugar de producción, publicación, distribución, manufactura Grand Rapids, Michigan
Fecha de producción, publicación, distribución, manufactura, o copyright []
264 #4 - PRODUCCIÓN, PUBLICACIÓN, DISTRIBUCIÓN, MANUFACTURA, Y COPYRIGHT
Fecha de producción, publicación, distribución, manufactura, o copyright ©2000
300 ## - DESCRIPCIÓN FÍSICA
Extensión 282 páginas
Dimensiones 23 cm
336 ## - TIPO DE CONTENIDO
Término de tipo de contenido texto
Código de tipo de contenido txt
Fuente rdacontent
337 ## - TIPO DE MEDIO
Fuente rdamedia
Nombre del tipo de medio sin mediación
Código del tipo de medio n
338 ## - TIPO DE SOPORTE
Fuente rdacarrier
Nombre del tipo de soporte volumen
Código Tipo de soporte nc
505 00 - NOTA DE CONTENIDO
Título El estudio del porvenir. -- ¿Hay un propósito en la creación? -- Los designios de Dios en edades pasadas - I. -- Los designios de Dios en edades pasadas - II. -- Los designios de Dios en edades pasadas - III. -- Los designios de Dios en edades pasadas - IV. -- El pacto palestino y el nuevo. -- Los designios de Dios durante la presente dispensación. -- La muerte. -- La inmortalidad y la vida después de la muerte. -- El estado intermedio o ¿Qué hacen los muertos? -- El estado intermedio o ¿Dónde están los muertos? -- La gran tribulación. -- El regreso de cristo a la tierra. -- El reino milenario. -- Los juicios. -- El estado eterno. -- La profecía, su interpretación y su cumplimiento. -- Profecías aun no cumplidas. -- Varias interpretaciones del futuro. -- El tiempo de arrepentimiento. -- No menosprecies las profecías.
563 ## - NOTA DE ENCUADERNACIÓN
Nota de encuadernación Rustico
650 14 - ASIENTO SECUNDARIO DE MATERIA - TERMINO TEMÁTICO
Término temático o nombre geográfico como elemento de entrada TEOLOGIA DOGMATICA
942 ## - TIPO DE MATERIAL (KOHA)
Tipo de Item KOHA Libros General
945 ## - INFORMACIÓN LOCAL DEL REGISTRO
Catalogador Luz Peña
Existencias
Estado de Material Estado de Perdido Estado de Dañado No para Préstamo Colección Tomo Biblioteca de Origen Biblioteca Permanente Fecha de Adquisición Total de Préstamos Total de Renovaciones Signatura Topográfica Código de Barras Última vez visto Última vez Préstado Ejemplar/Existencia Fecha de Remplazo Tipo de Material
        Colección General   Biblioteca FUSBC Biblioteca FUSBC 09/12/2013 1 1 G 236 T944d 18045 18/09/2023 24/03/2022 1 26/01/2016 Libros General

Biblioteca FUSBC | Teléfono: (57+4) 349 88 10 Ext. 141| WhatsApp (+57) 3005338115 
E-mail: biblioteca@unisbc.edu.co | Calle 76 87-14 Robledo Palenque, Medellín, Colombia

Con tecnología Koha